Finančno-ekonomická analýza podniku v praxi
Salvato in:
| Autore principale: | |
|---|---|
| Natura: | Libro |
| Lingua: | slovacco |
| Pubblicazione: |
Bratislava
IRIS
2008
|
| Edizione: | 2. vyd. |
| Soggetti: | |
| Tags: |
Nessun Tag, puoi essere il primo ad aggiungerne!!
|
MARC
| LEADER | 00000nam$a2200000$$$4500 | ||
|---|---|---|---|
| 001 | 0073964 | ||
| 005 | 20240314092954.1 | ||
| 020 | |a 978-80-89238-13-2 | ||
| 041 | 0 | |a slo | |
| 044 | |a SK | ||
| 245 | 1 | 0 | |a Finančno-ekonomická analýza podniku v praxi |c Dušan Baran |
| 250 | |a 2. vyd. | ||
| 264 | 1 | |a Bratislava |b IRIS |c 2008 | |
| 300 | |a 132 s. | ||
| 610 | 2 | 0 | |a analýza finančná |
| 610 | 2 | 0 | |a analýza ekonomická |
| 610 | 2 | 0 | |a rozhodovanie podnikové |
| 610 | 2 | 0 | |a likvidita |
| 610 | 2 | 0 | |a cash flow |
| 610 | 2 | 0 | |a súvaha |
| 610 | 2 | 0 | |a výkaz ziskov a strát |
| 610 | 2 | 0 | |a modely podniku |
| 100 | 1 | |a Baran, Dušan | |